000
00296nam a22001097a 4500
082
_a
342/MUK
100
_a
Mukherji,Saradindu
_9
83269
245
_a
The Citizenship Amendment Act,2019
_b
Some Reflections
260
_a
Delhi
_b
akshaya Prakashan
_c
2021
650
_a
Citizenship act
_9
83270
942
_c
BK
999
_c
68116
_d
68116